| 000 | 00595nam a2200181Ia 4500 | ||
|---|---|---|---|
| 008 | 090201s9999 xx 000 0 und d | ||
| 010 | _aKPL-67124 | ||
| 040 | _bमराठी | ||
| 041 | _aमराठी | ||
| 082 |
_a43988 _b67124 |
||
| 100 | _a प्रमोद मनोहर कोपर्डे | ||
| 245 |
_aखोल आतल्या आत _c प्रमोद मनोहर कोपर्डे |
||
| 250 | _a1 | ||
| 260 |
_c2005 _bमौज प्रकाशन |
||
| 300 |
_a132 _bमोठा |
||
| 600 | _aखोल आतल्या आत | ||
| 942 | _cBOOK | ||
| 999 |
_c241026 _d241026 |
||